000 00700nam a2200241Ia 4500
003 OSt
005 20220918183652.0
006 a|||||r|||| 00| 0
007 ta
008 220917b |||||||| |||| 00| 0 eng d
024 _a39,602
037 _cTextual
040 _aARTS
_cARTS
_beng
041 _2eng
_aeng
082 _aO15:9xJ35:2, F4
100 _aGangananada Kavindra
_963315
245 0 _aKavya dakini ed by Jagannath Sastri Houshing and P Anantarama Sastri Vetal
260 _c1924
490 _aPrincess of Wales Saraswati Bhavan Texts; 8
650 _aENGLISH LITERATURE
942 _hO15:9xJ35:2, F4
_cTEXL
_2CC
999 _c173406
_d173406